skbl

Dr Suryya Kumar Bhuyan Library Web-OPAC
ডঃ সূৰ্য্য
কুমাৰ ভূঞা পুথিভঁৰাল ৱেব-অ'পেক

All Research Scholars are advised to clear the annual library fees to continue using Library Resources, Remote Access, Plagiarism Test and Library Clearance.

Cotton University Book Fair 2026

A Reader on the Sanskrit Grammarians / (Record no. 1990)

MARC details
000 -LEADER
fixed length control field 00687nam a2200253Ia 4500
001 - CONTROL NUMBER
control field 1997
005 - DATE AND TIME OF LATEST TRANSACTION
control field 20240113233524.0
007 - PHYSICAL DESCRIPTION FIXED FIELD--GENERAL INFORMATION
fixed length control field ta
008 - FIXED-LENGTH DATA ELEMENTS--GENERAL INFORMATION
fixed length control field 050218s1972 a g b000 u eng u
020 ## - INTERNATIONAL STANDARD BOOK NUMBER
International Standard Book Number 81-208-0029-X
040 ## - CATALOGING SOURCE
Original cataloging agency Cotton College,Assam
041 ## - LANGUAGE CODE
Language code of text/sound track or separate title eng
082 ## - DEWEY DECIMAL CLASSIFICATION NUMBER
Classification number 491.214
Item number St 11 Re
100 ## - MAIN ENTRY--PERSONAL NAME
Personal name Staal, J. F .
245 #0 - TITLE STATEMENT
Title A Reader on the Sanskrit Grammarians /
Statement of responsibility, etc. J. F. Staal.
Medium Textual Documents
250 ## - EDITION STATEMENT
Edition statement 1st ed /
260 ## - PUBLICATION, DISTRIBUTION, ETC.
Place of publication, distribution, etc. Delhi :
Name of publisher, distributor, etc. Motilal Banarsidass Publishers ,
Date of publication, distribution, etc. c1972.
300 ## - PHYSICAL DESCRIPTION
Extent 558p. :
Other physical details ill ;
Dimensions 24cm .
653 ## - INDEX TERM--UNCONTROLLED
Uncontrolled term Sanskrit Grammarians
653 ## - INDEX TERM--UNCONTROLLED
Uncontrolled term Reference
942 ## - ADDED ENTRY ELEMENTS (KOHA)
Source of classification or shelving scheme Dewey Decimal Classification
Koha item type Books
Holdings
Withdrawn status Lost status Damaged status Not for loan Collection Home library Current library Date acquired Coded location qualifier Total checkouts Full call number Barcode Date last seen Copy number Price effective from Koha item type
      Not for loan   Dr. Suryya Kumar Bhuyan Library Dr. Suryya Kumar Bhuyan Library 01/02/2012 00000   491.214 St 11 Re 82291/8San 13/01/2024 1 01/02/2012 Books

Designed and Maintained by Team SKBL
©1901-2026

Powered by Koha